| 000 | 00762nam a2200241 i 4500 | ||
|---|---|---|---|
| 001 | 6935 | ||
| 003 | ES-MaACL | ||
| 005 | 20250819051018.0 | ||
| 007 | t| | ||
| 008 | 900712s1989 sp ||||1| spa d | ||
| 020 | _a84-345-8456-5 | ||
| 080 | _a643/644:5 | ||
| 080 | _a5:643/644 | ||
| 100 | 1 |
_aBodanis, David. _929684 |
|
| 245 | 1 | 4 |
_aLos Secretos de una casa _b: el mundo oculto del hogar / _cDavid Bodanis. |
| 260 |
_aBarcelona : _bSalvat, _cD.L.1989. |
||
| 300 |
_aVII, 162 p., [32] p. de lam. ; _c19 cm. |
||
| 490 | 1 |
_aBiblioteca científica Salvat ; _v94 |
|
| 650 | 1 | 7 |
_aDivulgación científica _2embne _911958 |
| 830 | 0 |
_aBiblioteca científica Salvat ; _v94 _9177703 |
|
| 852 |
_aES-MaACL _jL-14174 _bR.117762 _z. - rust. |
||
| 999 |
_c6935 _d6935 |
||